Les gares TGV depuis Paris-Montparnasse - Statistiques

Statistiques générales
  • Ce quiz a été pris 279 fois
  • Le résultat moyen est 42 sur 61
Statistiques - réponses
Région Gare % Correct
1 Nouvelle-Aquitaine Bordeaux Saint-Jean
98%
3 Nouvelle-Aquitaine Bordeaux Saint-Jean
98%
4 Nouvelle-Aquitaine Bordeaux Saint-Jean
98%
7 Bretagne Rennes
97%
9 Breatgne Rennes
97%
10 Breatgne Rennes
97%
5 Pays de la Loire Nantes
95%
6 Pays de la Loire Nantes
95%
1 Centre-Val de Loire Tours
90%
5 Pays de la Loire La-Roche-sur-Yon
90%
8 Bretagne Brest
89%
5 Pays de la Loire Le Mans
89%
7 Pays de la Loire Le Mans
89%
5 Pays de la Loire Angers Saint-Laud
87%
3 Occitanie Toulouse Matabiau
87%
1 Nouvelle-Aquitaine Poitiers
85%
2 Nouvelle-Aquitaine Poitiers
85%
10 Bretagne Quimper
85%
9 Bretagne Saint-Malo
80%
7 Pays de la Loire Laval
80%
1 Nouvelle-Aquitaine Angoulême
78%
2 Nouvelle-Aquitaine La Rochelle
78%
1 Centre-Val de Loire Saint-Pierre-des-Corps
76%
10 Bretagne Vannes
76%
10 Bretagne Lorient
74%
6 Pays de la Loire Saint Nazaire
74%
4 Nouvelle-Aquitaine Bayonne
73%
4 Nouvelle-Aquitaine Pau
73%
5 Pays de la Loire Les Sables-d'Olonne
72%
8 Bretagne Saint-Brieuc
72%
4 Nouvelle-Aquitaine Biarritz
71%
4 Nouvelle-Aquitaine Hendaye
70%
2 Nouvelle-Aquitaine Niort
69%
3 Nouvelle-Aquitaine Arcachon
67%
4 Occitanie Tarbes
66%
3 Nouvelle-Aquitaine Agen
65%
4 Nouvelle-Aquitaine Dax
64%
3 Occitanie Montauban Ville-Bourbon
63%
8 Bretagne Guingamp
61%
4 Nouvelle-Aquitaine Saint-Jean-de-Luz Ciboure
60%
1 Centre-Val de Loire Vendôme-Villiers-sur-Loir TGV
60%
1 Nouvelle-Aquitaine Futuroscope
59%
6 Pays de la Loire Le Croisic
58%
6 Pays de la Loire La Baule-Escoublac
58%
4 Occitanie Lourdes
57%
8 Bretagne Morlaix
56%
10 Bretagne Quimperlé
56%
10 Bretagne Auray
53%
1 Nouvelle-Aquitaine Châtellerault
53%
10 Bretagne Redon
53%
5 Pays de la Loire Sablé-sur-Sarthe
50%
8 Bretagne Lannion
49%
9 Bretagne Dol-de-Bretagne
48%
8 Bretagne Lamballe
37%
3 Nouvelle-Aquitaine La Teste
37%
2 Nouvelle-Aquitaine Surgères
37%
4 Nouvelle-Aquitaine Orthez
34%
2 Nouvelle-Aquitaine Saint-Maixent-l'Ecole
34%
8 Bretagne Plouaret-Trégor
30%
10 Bretagne Rosporden
30%
3 Nouvelle-Aquitaine Biganos-Facture
23%
Aucun quiz correspondant
Distribution des résultats
% des personnes avec chaque résultat
Percentile par nombre de réponses
Votre historique - résultats
Vous n’avez pas pris ce quiz